000 00388cam a2200169ua 4500
020 _c2.50
041 _amal
_h
082 _a894.812308
_bVAS/OT
100 _aVasu, E .
245 _aOtuvil kittiyathu /
_cE.Vasu.
_hTextual Documents
260 _aThrissur :
_bCurrent Books ,
_c1966.
300 _a175 ; .
365 _a2.50
504 _a
942 _cBK
999 _c903
_d903